Logo BPK

Biblioteka

Politechniki Koszalińskiej

Kim / (Rekord nr 47590)

Szczegóły MARC
000 -ETYKIETA REKORDU
podpole kontrolne o stałej długości 00565nam a2200217 i 4500
001 - NUMER KONTROLNY REKORDU
pole kontrolne bgj
020 ## - MIĘDZYNARODOWY ZNORMALIZOWANY NUMER KSIĄŻKI - ISBN
ISBN 0140350764
040 ## - ŹRÓDŁO KATALOGOWANIA
Instytucja, która utworzyła rekord BPK
041 0# - KOD JĘZYKA
Kod języka tekstu eng
920 ## - Międzynarodowy znormalizowany numer książki – ISBN
ISBN 0-14-035076-4
008 - POLE O STAŁEJ DŁUGOŚCI - DANE KONTROLNE
podpole kontrolne o stałej długości s uk f |000 0 eng
100 1# - NAZWA OSOBOWA
Nazwa osobowa KIPLING, Rudyard
Daty związane z nazwą (1865-1936).
245 10 - TYTUŁ/ODPOWIEDZIALNOŚĆ
Tytuł Kim /
Pozostałe elementy strefy tytułu i oznaczenia odpowiedzialności Rudyard Kipling.
260 ## - STREFA ADRESU WYDAWNICZEGO
Miejsce wydania Middlesex, England [etc.] :
Nazwa wydawcy/dystrybutora Puffin,
Data publikacji, dystrybucji/powstania dokumentu c. 1987.
300 ## - STREFA OPISU FIZYCZNEGO
Objętość 383 pp ;
Rozmiary 19 cm.
490 1# - STREFA SERII I DOKUMENTU WIELOCZĘŚCIOWEGO - FORMA NIE DO WYSZUKIWANIA
Tytuł i oznaczenie odpowiedzialności serii Puffin Classics
650 #9 - HASŁO PRZEDMIOTOWE W FORMIE NAZWY OGÓLNEJ LUB JEDNOSTKOWEJ
Nazwa ogólna lub geograficzna English fiction
Określnik chronologiczny 1837-1900
655 ## - TERMIN INDEKSOWY - OKREŚLENIE RODZAJU/FORMY DOKUMENTU
Określenie rodzaju/formy dokumentu Children's stories
830 ## - HASŁO DODATKOWE SERII LUB DOKUMENTU WIELOCZĘŚCIOWEGO - TYTUŁ UJEDNOLICONY
Tytuł ujednolicony Puffin Classics
942 ## - DODATKOWE ELEMENTY (KOHA)
Typ dokumentu Książka
Egzemplarze
Wycofany Status egzemplarza Uszkodzony Dostępność Lokalizacja stała Lokalizacja bieżąca Miejsce przechowywania Sygnatura Kod kreskowy Typ dokumentu
      Dostępny Biblioteka Politechniki Koszalińskiej Biblioteka Politechniki Koszalińskiej Wypożyczalnia Językowa KA 3979 09020696 Książka
      Dostępny Biblioteka Politechniki Koszalińskiej Biblioteka Politechniki Koszalińskiej Wypożyczalnia Językowa KA 3980 09020702 Książka
© 2023 Biblioteka Politechniki Koszalińskiej :: KOHA